000 00784nam a2200253Ia 4500
003 OSt
005 20221005113211.0
006 a|||||r|||| 00| 0
007 ta
008 221004b |||||||| |||| 00| 0 pan d
020 _c125
024 _a116914
037 _b595, 09/02/2012, H.K. Prakashan
_cTextual
040 _aCRL
_cCRL
_bpan
041 _2pan
_apan
082 _aO153,3w, P4
100 _aਤਰਸੇਮ
245 0 _aਰੂ ਬ ਰੂ
260 _aਪਟਿਆਲਾ
_b21 ਸੈੰਚੂਰੀ ਪਬੁਲੀਕੇਨਗ਼ ਭਾਰਤ
_c2004
300 _a126ਪੰ
_ccm.
650 _aਪੰਜਾਬੀ ਸਾਹਿਤ
942 _hO153,3w, P4
_cTEXL
_2cc
999 _c1027366
_d1027366